Υλικά και σχεδιασμός : η τέχνη και η επιστήμη της επιλογής υλικών στον σχεδιασμό προϊόντων

Αποθηκεύτηκε σε:
Λεπτομέρειες βιβλιογραφικής εγγραφής
Κύριος συγγραφέας: Ashby, M. F.
Άλλοι συγγραφείς: Johnson, Kara
Μορφή: Βιβλίο
Γλώσσα:Greek
English
Δημοσίευση: Αθήνα : Κλειδάριθμος, c2019.
Έκδοση:3η αμερικανική έκδοση.
Θέματα:
Ετικέτες: Προσθήκη ετικέτας
Δεν υπάρχουν, Καταχωρήστε ετικέτα πρώτοι!

MARC

LEADER 00000cam a2200000 a 4500
001 1/120774
008 200131s2019####gr | ||| |||| ||gre||
020 |a 9789604619986 
040 |a GR-MyUa  |b gre  |c GR-MyUa  |e AACR2 
041 1 |a gre  |h eng 
082 7 |a 620.11   |2 (23) 
100 1 |a Ashby, M. F. 
245 1 0 |a Υλικά και σχεδιασμός :   |b η τέχνη και η επιστήμη της επιλογής υλικών στον σχεδιασμό προϊόντων /   |c Mike Ashby, Kara Johnson ; μετάφραση: Κώστα Καρανικολός. 
250 |a 3η αμερικανική έκδοση. 
260 |a Αθήνα :   |b Κλειδάριθμος,   |c c2019. 
300 |a 415 σ. :   |b εικ. ;   |c 29 εκ. 
500 |a Τίτλος πρωτοτύπου: Materials and design, 3rd ed. 
500 |a Περιλαμβάνει ευρετήριο. 
650 0 |a Materials. 
650 0 |a Industrial design. 
700 1 |a Johnson, Kara. 
852 |a INST  |b SYROS  |c EUDOXUS  |e 20200131  |h 620.11 ASH  |p 005500013869  |q 005500013869  |t EDX  |y 0 
920 |a Εύδοξος  |b Παραγγελία  |y Σύρος-ΤΜΣΠΣ  |z 2020-01 
970 |a Κοντού  |b Παρασκευή  |z 31/01/2020